|
|
|
|
| LEADER |
00937nam a2200229 a 4500 |
| 001 |
11928375 |
| 008 |
090707s2001 enk b 001 0 eng d |
| 010 |
|
|
|a 00022684
|
| 020 |
|
|
|a 0826447481 (hardback)
|
| 020 |
|
|
|a 082644749X (pbk.)
|
| 040 |
|
|
|a DLC
|c DLC
|d DLC
|
| 082 |
0 |
0 |
|a 809/.03
|2 21
|
| 245 |
0 |
0 |
|a European literature from romanticism to postmodernism :
|b a reader in aesthetic practice /
|c edited by Martin Travers.
|
| 260 |
|
|
|a London ;
|a New York :
|b Continuum,
|c 2001.
|
| 300 |
|
|
|a xviii, 348 p. ;
|c 24 cm.
|
| 504 |
|
|
|a Includes bibliographical references (p. [337]-343) and index.
|
| 541 |
1 |
|
|e 00013756
|
| 650 |
|
0 |
|a Literature, Modern
|x History and criticism.
|
| 700 |
1 |
|
|a Travers, Martin.
|
| 852 |
4 |
|
|a Ayesha Abed Library
|j General shelf
|
| 999 |
|
|
|c 2165
|d 2165
|
| 952 |
|
|
|0 0
|1 0
|2 ddc
|4 0
|6 809_030000000000000_EUR_2001
|7 0
|9 1996
|a BRACUL
|b BRACUL
|c GEN
|d 2009-07-07
|l 3
|m 28
|o 809.03 EUR
|p 3010013756
|r 2026-05-10
|s 2026-05-06
|t 1
|w 2009-07-07
|y BK
|